000 01016nam a2200241 a 4500
001 84238
003 BD-RjUL
005 20241105104921.0
008 241105s2022 bg a|||| m||| 00| 0 eng d
035 _a(BD-RjUL)84238
040 _aBD-RjUL
_beng
_cBD-RjUL
_dBD-RjUL
041 _aeng
082 _223
_a333.913
_bISH 2022
100 _aIslam, Md. Shajedul
_98108
245 1 0 _aHydrogeochemical Processes and its Consequence on Groundwater Quality for Drinking and Irrigational Purposes in Kushtia District / Drinking and Irrigational /
_cBy Md. Shajedul Islam ;
_6Supervisor : Md. Golam Mostafa
260 _aRajshahi :
_bInstitute of Environmental Sciences, University of Rajsahi,
_c2022
300 _axiii, 221 Leaves :
_bill, ;
_c29 cm.
502 _aThesis (Ph. D.) -- Institute of Environmental Sciences, University of Rajsahi, 2022
504 _aReferences : Leaves i-xxvi
650 _aGroundwater
_vDrinking and Irrigational
_914114
700 _aMostafa, Md. Golam, Supervisor
_98782
942 _2ddc
_cTHE
999 _c84238
_d84238